Entry Nombre personal
001 - NÚMERO DE CONTROL
- campo de control: 126552
003 - IDENTIFICADOR DE NÚMERO DE CONTROL
- campo de control: SpMaBN
005 - FECHA Y HORA DE LA ÚLTIMA TRANSACCIÓN
- campo de control: 20250806082020.0
008 - ELEMENTOS DE DATO DE LONGITUD-FIJA
- campo de control de longitud fija: 910523n azznnaabn a aaa
016 ## - NÚMERO DE CONTROL DE UNA AGENCIA BIBLIOGRÁFICA NACIONAL
- Número de control del registro: BNE19912703653
040 ## - FUENTE DE CATALOGACIÓN
- Centro catalogador/agencia de origen: SpMaBN
- Lengua de catalogación: spa
- Centro/agencia transcriptor: SpMaBN
- Normas de descripción: rdc
- Convención/Normas de encabezamiento de materia/tesauro: embne
046 ## - FECHAS CON CODIFICACIÓN ESPECIAL
- Fecha de nacimiento: 1852
- Fecha de la muerte: 1924
100 1# - ENCABEZAMIENTO-NOMBRE DE PERSONA
- Nombre de persona: Comba, Juan,
- Fechas asociadas al nombre: 1852-1924
370 ## - LUGAR ASOCIADO
- Lugar de nacimiento: España, Andalucía, Cádiz (Provincia), Jerez de la Frontera
370 ## - LUGAR ASOCIADO
- Lugar de fallecimiento: España, Madrid (Comunidad Autónoma), Madrid
374 ## - OCUPACIÓN
- Ocupación: Pintores
- Ocupación: Ilustradores
375 ## - GÉNERO/SEXO
- Género: Masculino
400 0# - TRAZADO DE VÉASE--NOMBRE DE PERSONA
- Nombre de persona: Comba,
- Fechas asociadas al nombre: 1852-1924
400 1# - TRAZADO DE VÉASE--NOMBRE DE PERSONA
- Nombre de persona: Comba, J.,
- Fechas asociadas al nombre: 1852-1924
670 ## - FUENTE DE DATOS ENCONTRADOS
- Cita de la fuente: Adriana Lecouvreur, 18-?
- Información encontrada: pie de ilustración (J. Comba)
670 ## - FUENTE DE DATOS ENCONTRADOS
- Cita de la fuente: Madrid viejo, de Ricardo Sepúlveda, 1989
- Información encontrada: port (ilustraciones de Comba) cub. (ilustraciones de Juan Comba)
670 ## - FUENTE DE DATOS ENCONTRADOS
- Cita de la fuente: WWW Museo Nacional del Prado, 03-03-2023
- Información encontrada: (Comba García, Juan. Nacido en Jerez de la Frontera (Cádiz) en 1852. Fallecido en Madrid en 1924. Pintor e ilustrador español; discípulo de Eduardo Rosales y de Joaquín Sigüenza, estudió en la Escuela Especial de Pintura, Escultura y Grabado de Madrid; asiduo colaborador en varias revistas como la Ilustración Española y Americana y Blanco y Negro)
- Identificador Uniforme de Recursos: https://www.museodelprado.es/coleccion/artista/comba-garcia-ju an/c4f6540b-acac-4dbb-b150-d42a3fcca1eb
